| 000 | 00788aam a2200277 4500 | ||
|---|---|---|---|
| 005 | 20170209145749.0 | ||
| 008 | 150728b xxu||||| |||| 00| 0 spa d | ||
| 041 | _aEspañol | ||
| 082 | _a1.10.14 B734c | ||
| 100 |
_aBorja Sole Luis de _938939 |
||
| 100 |
_aCasanovas Pla, Josep Andreu _938940 |
||
| 100 |
_aBosch Camprubi, Ramón _938941 |
||
| 245 | _aEl consumidor turístico | ||
| 260 | _aEspaña | ||
| 260 | _bESIC | ||
| 260 | _c2002 | ||
| 300 | _a207 páginas | ||
| 650 |
_aMERCADOTECNIA TURÍSTICA _98351 |
||
| 650 |
_aMARKETING TURÍSTICO _91088 |
||
| 650 |
_aCONSUMIDOR TURÍSTICO _99738 |
||
| 650 |
_aPRODUCTO TURÍSTICO _9931 |
||
| 650 |
_aACTIVIDAD TURÍSTICA _932045 |
||
| 650 |
_aTECNOLOGÍAS _98340 |
||
| 650 |
_aESTRATEGIAS DE MARKETING _938942 |
||
| 942 | _cBK | ||
| 999 |
_c6728 _d6728 |
||